000 01665pab a2200193 454500
008 180718b2002 xxu||||| |||| 00| 0 eng d
100 _aKim, Pan S.
245 _aCivil service reform in Japan and Korea: toward competitiveness and competency
260 _c2002
300 _ap.389-403
362 _aSep
520 _aGovernmental problems still exist in Japan and Korea even though the two nations have achieved substantial economic and political development in modern times. Such problems include a low ranking in world competitiveness in government and a lack of competency. Furthermore, rigid and closed systems for employment and promotion still prevail without many improvements in human resource management. Recently, both the Japanese and Korean governments have paid serious attention to new challenges such as globalization and informatization. In order to improve competitiveness and competency, both governments have attempted to reform the civil service in more flexible and open manners. Japan and Korea as geographic neighbors have, in general, many similarities, although some may see more differences than similarities. This article cannot provide a full picture of both nations' governmental problems, but a study of civil service reform is meaningful for improving human resource management in the government of both countries as well as understanding Asian public personnel management. - Reproduced.
650 _aCivil service reform - Japan
650 _aCivil service reform - Korea
650 _aCivil service - Japan
650 _aCivil service
773 _aInternational Review of Administrative Sciences
909 _a53868
999 _c53868
_d53868